000 01196cam a2200361 a 4500
001 29561
003 BD-RjUL
005 20211209051428.0
008 140403s1983 nyua b 001 0 eng
020 _a080162696X (pbk.)
035 _a(BD-RjUL)29646
040 _aDLC
_cDLC
_dDLC
_dBD-RjUL
_beng
041 _aeng
060 _aWS 105.5.F2 K63b
082 0 0 _a155.646
_219
_bKLB 1983
100 1 _aKlaus, Marshall H.,
_d1927-
_990089
245 1 0 _aBonding :
_bthe beginnings of parent-infant attachment /
_cMarshall H. Klaus, John H. Kennell ; Antonia W. Hamilton, editor.
260 _aNew York :
_bNew American Library,
_c1983.
300 _axi, 203 p. :
_bill. ;
_c23 cm.
500 _aRev. ed. of: Parent-infant bonding. 2nd ed. 1976.
500 _a"A Plume book."
500 _aIncludes index.
504 _aBibliography: p. 192-196.
650 0 _aParent and infant.
_990091
650 0 _aInfant psychology.
_95509
650 2 _aParent-child relations.
_93964
700 1 _aKennell, John H.,
_d1922-2013.
_990092
700 1 _aHamilton, Antonia W.
_990093
942 _2ddc
_cBK
999 _c29561
_d29561